Finish and guess the song- Part 1 - Statistics

General Stats
  • This quiz has been taken 11 times
  • The average score is 68 of 256
Answer Stats
Text % Correct
I
90%
A
80%
a
80%
the
80%
The
80%
Her
70%
her
70%
you
70%
And
60%
and
60%
it
60%
To
60%
to
60%
be
50%
But
50%
For
50%
go
50%
It's
50%
my
50%
"No"
50%
on
50%
On
50%
In
40%
in
40%
is
40%
Is
40%
of
40%
Of
40%
See
40%
She
40%
with
40%
With
40%
At
30%
at
30%
Could
30%
ever
30%
If
30%
if
30%
Life
30%
life
30%
or
30%
Take
30%
There
30%
there
30%
best
20%
Best
20%
eyes
20%
friend
20%
From
20%
has
20%
Has
20%
Have
20%
know
20%
Look
20%
look
20%
They
20%
As
10%
dance
10%
dream
10%
he'll
10%
He's
10%
more
10%
mother
10%
Now
10%
That
10%
Their
10%
times
10%
told
10%
wrong
10%
About
0%
affair
0%
again
0%
America's
0%
Ask
0%
Beating
0%
bore
0%
bounds
0%
Britannia
0%
Broads
0%
brow
0%
'Cause
0%
cavemen
0%
Clearest
0%
clowns
0%
cow
0%
Daddy
0%
dog
0%
fame
0%
Fighting
0%
fighting
0%
film
0%
Focus
0%
focus
0%
fools
0%
Freakiest
0%
freakiest
0%
girl
0%
God-awful
0%
Grown
0%
guy
0%
hair
0%
hall
0%
hooked
0%
hordes
0%
Ibiza
0%
lawman
0%
Lennon's
0%
lived
0%
Man
0%
man,
0%
Mars?
0%
Mice
0%
Mickey
0%
Million
0%
Mouse
0%
mousy
0%
Mummy
0%
Norfolk
0%
nowhere
0%
Oh
0%
Out
0%
Rule
0%
saddening
0%
Sailors
0%
Sale
0%
screen
0%
Seat
0%
seen
0%
selling
0%
Selling
0%
she's
0%
show
0%
silver
0%
Small
0%
Spit
0%
Struck
0%
sunken
0%
ten
0%
Those
0%
through
0%
tortured
0%
Up
0%
view
0%
walks
0%
Wonder
0%
wonder
0%
Workers
0%
writ
0%
wrote
0%
yelling,
0%
No matching quizzes found
Score Distribution
Percent of People with Each Score
Percentile by Number Answered
Your Score History
You have not taken this quiz